Art of computer systems performance analysis: techniques for experimental design measurement simulation and modeling (Record no. 167067)

MARC details
000 -LEADER
fixed length control field 00742nam a2200217Ia 4500
003 - CONTROL NUMBER IDENTIFIER
control field OSt
005 - DATE AND TIME OF LATEST TRANSACTION
control field 20250627094650.0
008 - FIXED-LENGTH DATA ELEMENTS--GENERAL INFORMATION
fixed length control field 210423s2013 xx 000 0 und d
020 ## - INTERNATIONAL STANDARD BOOK NUMBER
International Standard Book Number 978-81-265-1905-7
040 ## - CATALOGING SOURCE
Transcribing agency AL
041 ## - LANGUAGE CODE
Language code of text/sound track or separate title eng
082 ## - DEWEY DECIMAL CLASSIFICATION NUMBER
Classification number 004.24
Edition number 23
Item number JAIA
100 ## - MAIN ENTRY--PERSONAL NAME
Personal name Raj Jain
9 (RLIN) 111479
245 ## - TITLE STATEMENT
Title Art of computer systems performance analysis: techniques for experimental design measurement simulation and modeling
260 ## - PUBLICATION, DISTRIBUTION, ETC.
Place of publication, distribution, etc. New Delhi
Name of publisher, distributor, etc. Wiley India Pvt Ltd
Date of publication, distribution, etc. 2013
300 ## - PHYSICAL DESCRIPTION
Extent xxvii,685
Other physical details PB
365 ## - TRADE PRICE
Price amount 449
Currency code INR
650 ## - SUBJECT ADDED ENTRY--TOPICAL TERM
Topical term or geographic name entry element Data Processing
9 (RLIN) 111480
906 ## - LOCAL DATA ELEMENT F, LDF (RLIN)
a analysis: ; Art ; computer ; design ; experimental ; measurement ; modeling ; performance ; simulation ; systems ; techniques
942 ## - ADDED ENTRY ELEMENTS (KOHA)
Source of classification or shelving scheme Dewey Decimal Classification
Koha item type Book
Holdings
Withdrawn status Lost status Source of classification or shelving scheme Damaged status Not for loan Collection code Home library Current library Date acquired Source of acquisition Cost, normal purchase price Total Checkouts Full call number Barcode Date last seen Price effective from Koha item type
    Dewey Decimal Classification     General St Aloysius PG Library St Aloysius PG Library 09/14/2015 Biblios Book Point 449.00   004.24 JAIA PG013568 08/24/2022 04/26/2021 Book